Tomato TOEIC compact listening
Nội dung sách giới các bài luyện thi trắc nghiệm tiếng Anh Toefl và phân đáp án.
Sparad:
| Materialtyp: | Bok |
|---|---|
| Språk: | Undetermined |
| Publicerad: |
Thành phố Hồ Chí Minh
Tổng hợp Thành phố Hồ Chí Minh
2011
|
| Ämnen: | |
| Taggar: |
Lägg till en tagg
Inga taggar, Lägg till första taggen!
|
| Thư viện lưu trữ: | Trung tâm Học liệu Trường Đại học Cần Thơ |
|---|
| LEADER | 00717nam a2200205Ia 4500 | ||
|---|---|---|---|
| 001 | CTU_196927 | ||
| 008 | 210402s9999 xx 000 0 und d | ||
| 020 | |c 112000 | ||
| 082 | |a 428.0076 | ||
| 082 | |b T655 | ||
| 245 | 0 | |a Tomato TOEIC compact listening | |
| 245 | 0 | |c Kim Jiyeon ... [et al.] | |
| 260 | |a Thành phố Hồ Chí Minh | ||
| 260 | |b Tổng hợp Thành phố Hồ Chí Minh | ||
| 260 | |c 2011 | ||
| 520 | |a Nội dung sách giới các bài luyện thi trắc nghiệm tiếng Anh Toefl và phân đáp án. | ||
| 650 | |a English language,Anh ngữ | ||
| 650 | |x Listening,Nghe | ||
| 904 | |i Tuyến | ||
| 980 | |a Trung tâm Học liệu Trường Đại học Cần Thơ | ||